[Event "Obert Miquel Mas 2013"]
[Site "Figueres ESP"]
[Date "2013.08.17"]
[Round "8.11"]
[White "Szalontay, Mihaly"]
[Black "Aymerich Verdaguer, Eduard"]
[Result "1-0"]
[WhiteElo "2024"]
[BlackElo "1953"]
[PlyCount "71"]
[EventDate "2013.08.11"]
[EventType "swiss"]
[EventRounds "9"]
[EventCountry "ESP"]
[Source "lmi"]
[SourceDate "2013.08.11"]

1. e4 c5 2. c3 e5 3. Nf3 Nc6 4. Bd3 g6 5. O-O Bg7 6. Bc2 Nge7 7. d3 d5 8. exd5
Nxd5 9. Re1 O-O 10. Bg5 Qc7 11. Nbd2 h6 12. Bh4 g5 13. Bg3 Nf4 14. Ne4 b6 15.
d4 cxd4 16. cxd4 Bg4 17. Rc1 Nxd4 18. Nf6+ Bxf6 19. Bh7+ Kxh7 20. Rxc7 Rad8 21.
Qb1+ Bf5 22. Qa1 Nde6 23. Bxf4 gxf4 24. Rxa7 e4 25. Qb1 Bg6 26. Qc1 exf3 27.
Rxe6 Bxb2 28. Qf1 Bd3 29. Qd1 Bf5 30. Rd6 Rc8 31. Qxf3 Rc3 32. Qh5 Rc1+ 33. Rd1
Rxd1+ 34. Qxd1 Kg7 35. Qb3 Bd4 36. Qd5 1-0

[Event "Obert Miquel Mas 2013"]
[Site "Figueres ESP"]
[Date "2013.08.17"]
[Round "8.13"]
[White "Nunez Lucero, Francisco"]
[Black "Saez Coma, Alejandro"]
[Result "0-1"]
[WhiteElo "2207"]
[BlackElo "2020"]
[PlyCount "72"]
[EventDate "2013.08.11"]
[EventType "swiss"]
[EventRounds "9"]
[EventCountry "ESP"]
[Source "lmi"]
[SourceDate "2013.08.11"]

1. e4 c5 2. c3 Nc6 3. d4 cxd4 4. cxd4 d5 5. exd5 Qxd5 6. Nf3 Bg4 7. Nc3 Bxf3 8.
gxf3 Qxd4 9. Qxd4 Nxd4 10. Nb5 e5 11. Nc7+ Kd8 12. Nxa8 Nc2+ 13. Kd1 Nxa1 14.
Be3 b6 15. Ba6 Nf6 16. Kc1 Bd6 17. Kb1 Ke7 18. Bb7 Rb8 19. Bc6 Nc2 20. a3 Nxe3
21. fxe3 Rc8 22. Bb7 Rb8 23. Bc6 Bc5 24. b4 Bxe3 25. b5 Rd8 26. Nc7 Rd2 27. Na6
Nd5 28. Rc1 Bd4 29. Rc4 Ne3 30. Rb4 Rxh2 31. Be4 f5 32. Bb7 g5 33. Nb8 Rh1+ 34.
Ka2 Ra1+ 35. Kb3 Rb1+ 36. Ka4 Rxb4+ 0-1

[Event "Obert Miquel Mas 2013"]
[Site "Figueres ESP"]
[Date "2013.08.18"]
[Round "9.1"]
[White "Narciso Dublan, Marc"]
[Black "Aroshidze, Levan"]
[Result "1-0"]
[WhiteElo "2505"]
[BlackElo "2565"]
[PlyCount "89"]
[EventDate "2013.08.11"]
[EventType "swiss"]
[EventRounds "9"]
[EventCountry "ESP"]
[Source "lmi"]
[SourceDate "2013.08.11"]

1. e4 c5 2. Nc3 Nc6 3. g3 g6 4. Bg2 Bg7 5. d3 d6 6. Be3 Rb8 7. Qd2 b5 8. Nge2
Nd4 9. O-O e6 10. Nd1 b4 11. Nc1 Ne7 12. c3 bxc3 13. bxc3 Ndc6 14. Bh6 O-O 15.
Bxg7 Kxg7 16. Ne3 Qb6 17. Nb3 a5 18. Qc2 Ba6 19. Rab1 Ne5 20. c4 N5c6 21. f4 f6
22. Qc3 Qb4 23. Qa1 Qa3 24. e5 dxe5 25. fxe5 f5 26. Nc2 Qa4 27. Nxc5 Qxc2 28.
Nxe6+ Kg8 29. Nxf8 Rxf8 30. Rb6 Bc8 31. Rxc6 Nxc6 32. Bxc6 Be6 33. Qd4 Qxa2 34.
Bd5 Bxd5 35. cxd5 Rd8 36. d6 a4 37. Qc4+ Qxc4 38. dxc4 Kf7 39. c5 a3 40. c6 Ke6
41. c7 Ra8 42. Ra1 Kd7 43. Kf2 Re8 44. Rxa3 Rxe5 45. Ra8 1-0

[Event "Obert Miquel Mas 2013"]
[Site "Figueres ESP"]
[Date "2013.08.18"]
[Round "9.2"]
[White "Cruz, Cristhian"]
[Black "Tjiam, Dharma"]
[Result "1-0"]
[WhiteElo "2498"]
[BlackElo "2377"]
[PlyCount "83"]
[EventDate "2013.08.11"]
[EventType "swiss"]
[EventRounds "9"]
[EventCountry "ESP"]
[Source "lmi"]
[SourceDate "2013.08.11"]

1. d4 Nf6 2. c4 e6 3. Nc3 c5 4. d5 exd5 5. cxd5 d6 6. Nf3 g6 7. Bf4 a6 8. a4
Qe7 9. h3 Nbd7 10. Nd2 Ne5 11. e3 Bg7 12. Be2 O-O 13. O-O Ne8 14. Re1 Bd7 15.
Bg3 f5 16. Qb3 Qd8 17. a5 Rb8 18. f4 Nf7 19. Nc4 Nc7 20. Nb6 Re8 21. Bf3 Bb5
22. Kh2 Nh6 23. Rad1 Na8 24. Nxb5 axb5 25. Qxb5 Nxb6 26. axb6 Qf6 27. b4 cxb4
28. Qxb4 Rbc8 29. Rd3 Nf7 30. e4 fxe4 31. Rxe4 Rxe4 32. Qxe4 Qd8 33. Bg4 Rc1
34. Bf2 Ra1 35. Be6 Bf6 36. Bd4 Rc1 37. Ra3 Rd1 38. Bxf6 Qxf6 39. Ra7 Qe7 40.
Qc2 Rf1 41. Qc8+ Kg7 42. Rxb7 1-0

[Event "Obert Miquel Mas 2013"]
[Site "Figueres ESP"]
[Date "2013.08.18"]
[Round "9.3"]
[White "Lorenzo De La Riva, Lazaro"]
[Black "Fluvia Poyatos, Jordi"]
[Result "0-1"]
[WhiteElo "2449"]
[BlackElo "2447"]
[PlyCount "76"]
[EventDate "2013.08.11"]
[EventType "swiss"]
[EventRounds "9"]
[EventCountry "ESP"]
[Source "lmi"]
[SourceDate "2013.08.11"]

1. e4 e5 2. Nf3 Nc6 3. Bc4 Bc5 4. O-O Nf6 5. d4 Bxd4 6. Nxd4 Nxd4 7. Bg5 Ne6 8.
Bxe6 dxe6 9. Qxd8+ Kxd8 10. f4 Ke8 11. Nc3 h6 12. fxe5 hxg5 13. exf6 gxf6 14.
Rxf6 Bd7 15. Raf1 Rh7 16. b4 Ke7 17. e5 Rg7 18. R6f3 Bc6 19. Rd3 a6 20. a4 g4
21. Rd4 Rg5 22. Rdf4 Be8 23. Re1 Rd8 24. b5 axb5 25. axb5 Rd2 26. Rf2 Rd4 27.
Rfe2 Rc4 28. Re3 Rf5 29. Rg3 Rc5 30. Re4 Bxb5 31. Nxb5 Rxb5 32. Rge3 Rb1+ 33.
Re1 Rxe1+ 34. Rxe1 Rf4 35. h4 g3 36. Re3 Rxh4 37. Rxg3 Rc4 38. Rb3 b6 0-1

[Event "Obert Miquel Mas 2013"]
[Site "Figueres ESP"]
[Date "2013.08.18"]
[Round "9.4"]
[White "Klip, Hans"]
[Black "Ynojosa, Felix Jose"]
[Result "1/2-1/2"]
[WhiteElo "2335"]
[BlackElo "2405"]
[PlyCount "189"]
[EventDate "2013.08.11"]
[EventType "swiss"]
[EventRounds "9"]
[EventCountry "ESP"]
[Source "lmi"]
[SourceDate "2013.08.11"]

1. e4 c5 2. Nf3 Nc6 3. Bb5 e6 4. Nc3 Nge7 5. O-O a6 6. Bxc6 Nxc6 7. d4 cxd4 8.
Nxd4 Qc7 9. Re1 Bd6 10. Nxc6 bxc6 11. Qh5 Be5 12. f4 Bd4+ 13. Be3 c5 14. Rad1
Rb8 15. e5 Bxc3 16. bxc3 O-O 17. f5 exf5 18. Qxf5 Rb6 19. Rd6 Rxd6 20. exd6 Qc6
21. Qxc5 Qe4 22. Qg5 Bb7 23. Qg3 Qxc2 24. Bd4 Qg6 25. Qxg6 hxg6 26. Rb1 Bd5 27.
Rb6 Ra8 28. a3 f6 29. Rb4 Kf7 30. Bb6 Re8 31. Kf2 Re5 32. g3 Ke6 33. Bc7 g5 34.
Ra4 Rf5+ 35. Ke2 g4 36. Bb6 Bf3+ 37. Kd2 Rd5+ 38. Bd4 a5 39. Kd3 Rb5 40. Be3
Kxd6 41. Rd4+ Ke6 42. Kc2 Rh5 43. Rd2 Re5 44. Bf4 Re1 45. c4 a4 46. c5 Be4+ 47.
Kc3 g5 48. Bc7 Bc6 49. Bd8 Kf5 50. Rd6 Re8 51. Bxf6 Re3+ 52. Kd4 Re4+ 53. Kd3
Bb5+ 54. Kd2 Re2+ 55. Kc3 Re3+ 56. Kb2 Rb3+ 57. Ka2 Bc4 58. Bb2 Be6 59. Kb1 Rf3
60. Kc1 Bb3 61. Rf6+ Ke4 62. Kd2 Rd3+ 63. Ke1 Rd1+ 64. Ke2 Rb1 65. Bc3 Rc1 66.
Bb4 Rc2+ 67. Bd2 Bc4+ 68. Ke1 Ra2 69. Rd6 Bb5 70. Bc1 Rxh2 71. Bxg5 Ra2 72. Bc1
Kf3 73. Bf4 Rxa3 74. Kd2 Rb3 75. Kc2 Rb4 76. Rf6 Kg2 77. Bd6 a3 78. Be5 a2 79.
Rb6 Ba4+ 80. Kd2 Rb1 81. Ke3 a1=Q 82. Bxa1 Rxa1 83. Kf4 Bd1 84. Rd6 Ra3 85.
Rxd1 Ra4+ 86. Ke5 Kxg3 87. Rxd7 Kh2 88. Rh7+ Kg1 89. Rg7 Kf2 90. c6 g3 91. c7
Rc4 92. Kd6 g2 93. Rxg2+ Kxg2 94. Kd7 Rxc7+ 95. Kxc7 1/2-1/2

[Event "Obert Miquel Mas 2013"]
[Site "Figueres ESP"]
[Date "2013.08.18"]
[Round "9.7"]
[White "Antoli Royo, Joaquin Miguel"]
[Black "Fernandez Perez, Didier"]
[Result "1-0"]
[WhiteElo "2409"]
[BlackElo "2255"]
[PlyCount "65"]
[EventDate "2013.08.11"]
[EventType "swiss"]
[EventRounds "9"]
[EventCountry "ESP"]
[Source "lmi"]
[SourceDate "2013.08.11"]

1. e4 c5 2. Nf3 Nc6 3. Bb5 g6 4. Bxc6 dxc6 5. d3 Bg7 6. h3 e5 7. Be3 Qe7 8. Qd2
Nf6 9. Bh6 Qf8 10. Bxg7 Qxg7 11. Qc3 Nd7 12. Nbd2 f6 13. a3 Qe7 14. b4 O-O 15.
O-O b6 16. Nb3 Rb8 17. Nfd2 Ba6 18. Rfb1 c4 19. Nxc4 Rbc8 20. Nbd2 Rfd8 21. Rf1
c5 22. Ne3 Bb7 23. b5 Qd6 24. Ndc4 Qc7 25. Rae1 g5 26. h4 h6 27. Nf5 Kh7 28.
Ncd6 Rb8 29. hxg5 hxg5 30. d4 Kg6 31. Ne7+ Kg7 32. Ndf5+ Kf7 33. Qc4+ 1-0

[Event "Obert Miquel Mas 2013"]
[Site "Figueres ESP"]
[Date "2013.08.18"]
[Round "9.8"]
[White "Ramiro Ovejero, Juan L"]
[Black "Szalontay, Mihaly"]
[Result "1-0"]
[WhiteElo "2406"]
[BlackElo "2024"]
[PlyCount "55"]
[EventDate "2013.08.11"]
[EventType "swiss"]
[EventRounds "9"]
[EventCountry "ESP"]
[Source "lmi"]
[SourceDate "2013.08.11"]

1. e4 d6 2. d4 Nf6 3. Nc3 g6 4. g3 Bg7 5. Bg2 O-O 6. Nge2 Nbd7 7. h3 c5 8. O-O
cxd4 9. Nxd4 Nc5 10. Be3 a6 11. a4 Ne6 12. Nb3 Qc7 13. a5 Bd7 14. Qd2 Qc4 15.
Rfd1 Rfe8 16. Qd3 Rac8 17. e5 Nh5 18. Bxb7 Qxd3 19. Rxd3 Rb8 20. Bxa6 Bxe5 21.
Bc4 Bc6 22. a6 Nf6 23. a7 Rb4 24. Na5 Ba8 25. f4 Bxc3 26. bxc3 Rb2 27. Bb3 Nc5
28. Bxc5 1-0

[Event "Obert Miquel Mas 2013"]
[Site "Figueres ESP"]
[Date "2013.08.18"]
[Round "9.15"]
[White "Parals Marce, Luis"]
[Black "Falgueras Marti, Carles"]
[Result "0-1"]
[WhiteElo "2015"]
[BlackElo "1979"]
[PlyCount "76"]
[EventDate "2013.08.11"]
[EventType "swiss"]
[EventRounds "9"]
[EventCountry "ESP"]
[Source "lmi"]
[SourceDate "2013.08.11"]

1. d4 Nf6 2. Nf3 d5 3. e3 e6 4. Bd3 c5 5. b3 Nc6 6. a3 Qa5+ 7. Kf1 Qc7 8. Bb2
Bd6 9. Nc3 a6 10. dxc5 Bxc5 11. b4 Bd6 12. e4 O-O 13. exd5 exd5 14. Ng5 Ne5 15.
Nxd5 Nxd5 16. Bxh7+ Kh8 17. Qh5 Nf6 18. Qh4 Qc4+ 19. Qxc4 Nxc4 20. Bxf6 gxf6
21. h4 fxg5 22. hxg5 Kg7 23. Bd3 Ne5 24. Be4 Rh8 25. Rxh8 Kxh8 26. Rd1 Bc7 27.
f4 Nc4 28. Rd4 Ne3+ 29. Ke2 Nf5 30. Rc4 Ng3+ 31. Kf3 Nxe4 32. Kxe4 Bd8 33. Rd4
Bg4 34. Ke5 Kg7 35. Rc4 Rc8 36. Rd4 Bc7+ 37. Ke4 Re8+ 38. Kd3 Rd8 0-1